Finland : 2018 Article IV Consultation-Press Release; Staff Report; and Statement by the Executive Director for Finland.

Recent growth has been healthy, and the unemployment rate has fallen to its lowest level since 2011. However, some underlying weaknesses remain. The rate in which new jobs are created and the 'churn' of workers relocating across jobs has not picked up with the recovery, labor productivity...

ver descrição completa

Detalhes bibliográficos
Autor Corporativo: International Monetary Fund. European Dept
Formato: Periódico
Idioma:English
Publicado em: Washington, D.C. : International Monetary Fund, 2019.
Colecção:IMF Staff Country Reports; Country Report ; No. 2019/007
Acesso em linha:Full text available on IMF
LEADER 01643cas a2200241 a 4500
001 AALejournalIMF019003
008 230101c9999 xx r poo 0 0eng d
020 |c 5.00 USD 
020 |z 9781484393482 
022 |a 1934-7685 
040 |a BD-DhAAL  |c BD-DhAAL 
110 2 |a International Monetary Fund.  |b European Dept. 
245 1 0 |a Finland :   |b 2018 Article IV Consultation-Press Release; Staff Report; and Statement by the Executive Director for Finland. 
264 1 |a Washington, D.C. :  |b International Monetary Fund,  |c 2019. 
300 |a 1 online resource (63 pages) 
490 1 |a IMF Staff Country Reports 
500 |a <strong>Off-Campus Access:</strong> No User ID or Password Required 
500 |a <strong>On-Campus Access:</strong> No User ID or Password Required 
506 |a Electronic access restricted to authorized BRAC University faculty, staff and students 
520 3 |a Recent growth has been healthy, and the unemployment rate has fallen to its lowest level since 2011. However, some underlying weaknesses remain. The rate in which new jobs are created and the 'churn' of workers relocating across jobs has not picked up with the recovery, labor productivity growth remains weak, and the outlook for potential growth is constrained by a shrinking workforce. Household debt has been increasing as the economy has recovered, and some borrowers appear vulnerable to interest rate increases. 
538 |a Mode of access: Internet 
830 0 |a IMF Staff Country Reports; Country Report ;  |v No. 2019/007 
856 4 0 |z Full text available on IMF  |u http://elibrary.imf.org/view/journals/002/2019/007/002.2019.issue-007-en.xml  |z IMF e-Library